000 00340nam a2200133Ia 4500
008 231129s9999||||xx |||||||||||||| ||spa||
020 _a84-7291-690-1
040 _bspa
082 _a194 B499r
100 _aBergson Henri
245 0 _aLa risa
264 _aMadrid EspaƱa: Sarpe
942 _2ddc
_cBKS
999 _c18153
_d18153